第二十一屆林榮三文學獎得獎作品集 (Record no. 7703)

MARC details
000 -記錄標示(系統產生)
fixed length control field 00272nam a22001097a 4500
020 ## - ISBN
ISBN 978-986-97417-7-4
050 ## - LIBRARY OF CONGRESS CALL NUMBER
Classification number 863
245 ## - 書籍基本資料
書名 第二十一屆林榮三文學獎得獎作品集
作者名稱 孫梓評.謝麗笙編輯
250 ## - 書籍版本資料
書籍版本 初版
260 ## - 書籍出版資料
出版年 2026.01
942 ## - 其他項目(KOHA)
分類法來源 中文圖書分類法
館藏類型設定 一般圖書
Holdings
撤銷狀態 遺失狀態 分類號來源 損壞狀態 不外借 永久館藏地 現在館藏地 書架位置 採購日期 所有借閱數 完整索書號 條碼號 最後一次日期記錄 一般價格有效日期 Koha館藏類型 公開資訊
未註銷館藏 未遺失 中文圖書分類法 未損毀 可外借 怡仁綜合醫院圖書館 怡仁綜合醫院圖書館   2026-03-24   863 C03286 2026-03-24 2026-03-24 一般圖書 所有作品內容包含新詩、散文、小品文、短篇小說獎所有得獎作品和作者簡介、評審介紹、評審意見、初複決審會議紀錄,書長三百多頁,由名插畫家繪製精美插畫

怡仁綜合醫院 | 圖書室

📍 32643 桃園市楊梅區楊新北路321巷30號 B1F

院內分機 8232 (圖書室) ‧ 6155 (教學研究部)

聯絡信箱 a9672@yeezen.com.tw